00393nam a2200157Ia 4500003000400000005001700004008004100021020001400062040002900076050002500105100001900130245002100149260004300170300001000213650001200223OSt20251003175141.0230104s9999||||xx |||||||||||||| ||und|| a195727495 cChuka University Library aPR 4967 b.D6S2 1990 aDobrin, Arthur 0aSalted with fire aNairobibOxford University Pressc1990 a217p. aFiction